000 00818nam a2200229Ia 4500
001 3079
003 GE_BSU
008 181216s||||||||xx |||||||||||||| ||und||
040 _cGE_BSU
080 _a66.01/07(075.8)
100 _aПлановский,А.Н. Никалаев,П.И.
245 _aПроцессы и аппараты химической и нефте-химической технологии.
245 _bУчебник для вузов.
245 _cРед. Р.Е.Миневич.
250 _aИзд 3-ое. перераб.и доп.
260 _aМ.
260 _bХимия.
260 _c1987.
300 _a496 стр. с илл. 22 см.
653 _aПроцессы и аппараты химической и нефтехимической технологии.
942 _cBK
999 _c37123
_d37123